000 00427nam a2200169Ia 4500
003 GCL
008 140319s9999 xx 000 0 ara d
040 _aGCL /
_cGCL
082 0 4 _a813.03
_bح ن
100 1 _aحنا مينة
245 1 0 _aالنجوم تحاكم القمر /
_cحنا مينة
300 _a269 ص
490 _aكتاب
_v0
650 0 4 _aالادب العربى
650 0 4 _aالقصص
942 _2ddc
_cBK
999 _c41903
_d41903